ბათუმის შოთა რუსთაველის სახელმწიფო უნივერსიტეტის ბიბლიოთეკა

Избранные книги / (ბიბ.ჩანაწერი № 60963)

000 -LEADER
fixed length control field 00524nam a22001697a 4500
005 - DATE AND TIME OF LATEST TRANSACTION
control field 20231130110345.0
008 - FIXED-LENGTH DATA ELEMENTS--GENERAL INFORMATION
fixed length control field 231130s1994 ru ||||| |||| 00| 0 rus d
020 ## - INTERNATIONAL STANDARD BOOK NUMBER
International Standard Book Number 5857910110
041 ## - LANGUAGE CODE
Language code of text/sound track or separate title rus
080 ## - UNIVERSAL DECIMAL CLASSIFICATION NUMBER
Universal Decimal Classification number 61(091) Г-50
100 ## - MAIN ENTRY--PERSONAL NAME
Personal name Гиппократ
9 (RLIN) 20515
245 ## - TITLE STATEMENT
Title Избранные книги /
Statement of responsibility, etc. Гиппократ.
264 ## - PRODUCTION, PUBLICATION, DISTRIBUTION, MANUFACTURE, AND COPYRIGHT NOTICE
Place of production, publication, distribution, manufacture Москва:
Name of producer, publisher, distributor, manufacturer Сварог,
Date of production, publication, distribution, manufacture, or copyright notice 1994.
300 ## - PHYSICAL DESCRIPTION
Extent 736 с.
Other physical details ил.
Dimensions 21 см.
653 ## - INDEX TERM--UNCONTROLLED
keyword ჰიპოკრატეს რჩევები
942 ## - ADDED ENTRY ELEMENTS (KOHA)
Source of classification or shelving scheme
Koha item type წიგნი
ეგზემპლარები
Withdrawn status Lost status Source of classification or shelving scheme Damaged status Not for loan Permanent Location Current Location Shelving location Date acquired Cost, normal purchase price Full call number Barcode Date last seen Copy number Price effective from Koha item type Public note
          ბათუმის შოთა რუსთაველის სახელმწიფო უნივერსიტეტის მთავარი ბიბლიოთეკა ბათუმის შოთა რუსთაველის სახელმწიფო უნივერსიტეტის მთავარი ბიბლიოთეკა წიგნსაცავი 2023-11-30 10.00 61(091) Г-50 65501 2023-11-30 65501 2023-11-30 წიგნი 10 ლ.